| 000 | 01909nam a2200373 c 4500 | ||
|---|---|---|---|
| 003 | BLK | ||
| 005 | 20240322133549.0 | ||
| 008 | 180410b bul|||||r ||||||| ||bul|| | ||
| 010 | _aKNG00160846000 | ||
| 040 | _aBLK | ||
| 041 |
_aBUL _cBUL |
||
| 080 |
_aМетрология. Измерителни апарати (мерки и теглилки) _b389 _x _z389 |
||
| 100 | 1 |
_aБурдун, Григорий Д. _eпърви автор _9332400 |
|
| 700 | 1 |
_aКалашников, Николай В. _eсъавт. _9332401 |
|
| 700 | 1 |
_aСтоцки, Лев Р. _eсъавт. _9125686 |
|
| 700 | 1 |
_aКоларов, Васил _eпрев. от рус. _9332402 |
|
| 700 | 1 |
_aПопиц, Роберт _eпрев. от рус. _9331501 |
|
| 700 | 1 |
_aДжаков, Емил _eнауч. ред. _9369743 |
|
| 700 | 1 |
_aКоларов, Васил Петров _d1877-1950 _gПолитически деец. _e* _980859 |
|
| 139 |
_aБурдун, Григорий Д. и др. _bБ 87 |
||
| 245 | 1 | 0 |
_aМеждународна система измерителни единици _cГригорий Д. Бурдун; съавт. Николай В. Калашников; съавт. Лев Р. Стоцки; прев. от рус. Васил Коларов; прев. от рус. Роберт Попиц; науч. ред. Емил Джаков; * Васил Петров Коларов. |
| 250 | _a3. изд. | ||
| 257 | _aRUS | ||
| 260 |
_аСофия _bТехника _c1967 |
||
| 300 |
_a264 с. _c23 см |
||
| 380 | _a3 | ||
| 500 | _a1. изд. 1965. - 20 065 тир. - Библиогр. с. 256-257. - На загл. стр. погрешно означено 1966 г. | ||
| 852 | _aЦб 43184 | ||
| 856 | 4 |
_qpdf _u |
|
| 856 | 4 |
_qpdf _u |
|
| 942 |
_cKNG _n0 |
||
| 944 |
_aCR _c16.05.2014 _lГеновева Генчева _k30560 |
||
| 944 |
_aED _c16.05.2014 _l16.05.2014 - от С1,Р / 16.05.2014 _k |
||
| 999 |
_c154277 _d154277 |
||